000 01888nam a2200313 i 4500
001 104841
003 ES-MaACL
005 20251106133649.0
007 t|
008 991112m19291931ve a |||| |bspa d
080 _a929 Miranda, Francisco de
080 _a94(44)"17"(093)
080 _a94(87)"15/18"(093)
245 0 0 _aArchivo del General Miranda.
260 _aCaracas :
_bParra León Hermanos :
_bEd. Sur-América,
_c1929-1931.
300 _a<11> v. :
_bil. ;
_c24 cm.
505 8 _aContiene: v. 1-3 ;
_tViajes, diarios: 1750-1788 - v. 4 ;
_tViajes, diarios: documentos 1788 a 1800-1771 a 1781 - v. 5 ;
_tViajes, documentos 1781-1785: cartas a Miranda: 1775-1785 - v. 6 ;
_tViajes, cartas a Miranda, 1789-1808 - v.7 ;
_tViajes, cartas a Miranda, 1782 a 1801. Miscelánea: 1771 a 1805: impresos y grabados: 1771 a 1805 - v. 8 ;
_tRevolución Francesa: copiador de correspondencia, 1792 a 1793 - v. 9-10: Revolución Francesa: comunicaciones oficiales, 1792 a 1793: Sitio y toma de Amberes, bombardeo de Maestricht: Revista de comisaría, 1792 a 1793 - francesa - v. 12 ;
_tRevolución Francesa: causas judiciales: proceso militar y prisión política de Miranda, 1793 a 1795
530 _aDisponible en formato digital.
596 _aLa obra consta de 23 v. (1929-1950)
600 1 4 _aMiranda, Francisco de,
_d1750-1816
_981520
651 4 _aVenezuela-
_xHistoria-
_y1528-1810, Época colonial.
_9148859
651 4 _aVenezuela-
_xHistoria-
_y1810-1823, Guerra de la Independencia.
_9148949
651 4 _aFrancia-
_xHistoria-
_y1789-1799, Revolución-
_vFuentes.
_9162626
700 1 _aMiranda, Francisco de,
_d1750-1816
_981520
852 4 _aES-MaACL
_jD-8731-41
_q(Faltan los v. 11,13 y siguientes)
_cSVI
856 4 _uhttp://bdh-rd.bne.es/viewer.vm?id=0000167999&page=1
_z(v. 1-23)
_y(Biblioteca Digital Hispánica)
942 _2udc
999 _c104841
_d104841